Teaching of mathematics/ (Record no. 153878)

MARC details
000 -LEADER
fixed length control field 00449nam a22001697a 4500
005 - DATE AND TIME OF LATEST TRANSACTION
control field 20181217153616.0
020 ## - INTERNATIONAL STANDARD BOOK NUMBER
International Standard Book Number 9788131300145
Terms of availability 495.00
035 ## - SYSTEM CONTROL NUMBER
System control number B-216412
082 ## - DEWEY DECIMAL CLASSIFICATION NUMBER
Classification number 372.7044
100 ## - MAIN ENTRY--PERSONAL NAME
Personal name Ram Sharan
245 ## - TITLE STATEMENT
Title Teaching of mathematics/
Statement of responsibility, etc by Ram sharan [and] Manju sharma
260 ## - PUBLICATION, DISTRIBUTION, ETC. (IMPRINT)
Place of publication, distribution, etc New Delhi
Name of publisher, distributor, etc APH publishingcorporation
Date of publication, distribution, etc 2006
300 ## - PHYSICAL DESCRIPTION
Extent 207p;
Dimensions 23cm(Hbk)
500 ## - GENERAL NOTE
General note incldues bibliogaphy
942 ## - ADDED ENTRY ELEMENTS (KOHA)
Source of classification or shelving scheme Dewey Decimal Classification
Item type English Books
Holdings
Withdrawn status Lost status Not for loan Collection code Home library Current library Date acquired Full call number Barcode Koha item type
      Non-fiction Sarojini Nagar Sarojini Nagar 28/07/2018 372.7044 RAM B-216413 English Books

© Delhi Public Library
Hit Counter
free hit counter